[Event "26. ekipno prvenstvo hrvatske u sahu - I"]
[Site "Bjelovar, Krapina, Djurdjevac,"]
[Date "2017.04.02"]
[Round "4.53"]
[White "Frouth, Nenad"]
[Black "Sulc, Damir"]
[Result "1/2-1/2"]
[WhiteElo "2140"]
[BlackElo "2226"]
[PlyCount "61"]
[EventDate "2016.03.26"]

1. Nf3 Nf6 2. d4 e6 3. Bf4 b6 4. e3 Bb7 5. Nbd2 Ne4 6. Bd3 Nxd2 7. Qxd2 d6 8.
e4 g6 9. h4 h5 10. Rh3 Nd7 11. e5 Be7 12. Ng5 dxe5 13. Nxe6 Qc8 14. Ng7+ Kf8
15. Bh6 Kg8 16. Nf5 Bf8 17. Rg3 Nf6 18. Bxf8 Qxf8 19. f3 e4 20. Bc4 Kh7 21.
Bxf7 Rg8 22. Bxg8+ Nxg8 23. Ne3 exf3 24. O-O-O Qf4 25. Qf2 Re8 26. Re1 Nf6 27.
Rxf3 Bxf3 28. Qxf3 Qxh4 29. Rf1 Qg5 30. Qxf6 Qxe3+ 31. Kd1 1/2-1/2

[Event "26. ekipno prvenstvo hrvatske u sahu - I"]
[Site "Bjelovar, Krapina, Djurdjevac,"]
[Date "2017.04.02"]
[Round "4.54"]
[White "Santa, Robert"]
[Black "Purgar, Ivona"]
[Result "0-1"]
[WhiteElo "2188"]
[BlackElo "2156"]
[PlyCount "68"]
[EventDate "2016.03.26"]

1. e4 c5 2. Nf3 e6 3. d4 cxd4 4. Nxd4 Nc6 5. Nc3 Qc7 6. Be3 a6 7. g4 b5 8. Bg2
Bb7 9. g5 Ne5 10. Nce2 Nc4 11. Bc1 Bb4+ 12. c3 Bc5 13. b3 Nb6 14. Qd3 Ne7 15.
Bf4 e5 16. Bg3 d5 17. O-O O-O 18. Nf5 Rad8 19. Qc2 dxe4 20. Bxe4 Nxf5 21. Bxf5
Qc6 22. Bxh7+ Kh8 23. Be4 Qxe4 24. Qxe4 Bxe4 25. Bxe5 Rfe8 26. Bd4 Bxd4 27.
Nxd4 b4 28. f3 Bb7 29. Nf5 bxc3 30. Rac1 Re5 31. Ng3 Nd5 32. Ne4 Nf4 33. Kh1
Rxe4 34. fxe4 Bxe4+ 0-1

[Event "26. ekipno prvenstvo hrvatske u sahu - I"]
[Site "Bjelovar, Krapina, Djurdjevac,"]
[Date "2017.04.02"]
[Round "4.55"]
[White "Frank, Vladimir"]
[Black "Komljenovic, Tihomir"]
[Result "1-0"]
[WhiteElo "2051"]
[BlackElo "2078"]
[PlyCount "83"]
[EventDate "2016.03.26"]

1. Nf3 Nf6 2. c4 g6 3. d4 Bg7 4. Nc3 d5 5. Bf4 O-O 6. e3 c6 7. Rc1 dxc4 8. Bxc4
Nbd7 9. h3 Nb6 10. Bb3 a5 11. a3 Nbd5 12. Nxd5 Nxd5 13. Bh2 Bf5 14. O-O h5 15.
Qe2 Nf6 16. Ne5 a4 17. Ba2 Be6 18. Rfd1 Bd5 19. Bxd5 Nxd5 20. e4 Nf6 21. Nf3
Bh6 22. Rc5 e6 23. g4 hxg4 24. hxg4 Qe7 25. g5 Bg7 26. Qe3 Nd7 27. Rc2 Rfc8 28.
Kg2 Ra5 29. Bg3 Re8 30. e5 Nb6 31. Nh2 Rd8 32. Ng4 Nd5 33. Qd2 Qc7 34. Nf6+ Kf8
35. Rh1 Ne7 36. f3 Nf5 37. Bf2 Rb5 38. Qf4 Rb3 39. d5 exd5 40. Bc5+ Ne7 41. Qh2
Qc8 42. Qh7 1-0

[Event "26. ekipno prvenstvo hrvatske u sahu - "]
[Site "Bjelovar, Krapina, Djurdjevac"]
[Date "2017.04.09"]
[Round "5.13"]
[White "Sokac, Marko"]
[Black "Ilic, Ognjen"]
[Result "1/2-1/2"]
[WhiteElo "2278"]
[BlackElo "2108"]
[PlyCount "146"]
[EventDate "2016.03.26"]

1. e4 e5 2. Nc3 Nf6 3. Bc4 Nc6 4. d3 Bb4 5. Nge2 d5 6. exd5 Nxd5 7. O-O Be6 8.
Ne4 Be7 9. Bxd5 Bxd5 10. N2g3 Qd7 11. Be3 O-O 12. Nc5 Bxc5 13. Bxc5 Rfe8 14.
Qh5 f6 15. Rad1 Be6 16. Qh4 Qd5 17. Ba3 Qxa2 18. f4 exf4 19. Qxf4 Qd5 20. Qxc7
Ne5 21. Qc3 Rac8 22. Qd2 Qd4+ 23. Kh1 Ng4 24. Rde1 Bd7 25. Ne4 Bc6 26. c3 Qd5
27. h3 Nh6 28. Qxh6 f5 29. Qf4 fxe4 30. Rxe4 h6 31. Rfe1 Qh5 32. R4e3 Rxe3 33.
Rxe3 Qg6 34. Rg3 Qe6 35. Qd4 Qf7 36. Bd6 Rd8 37. Qc5 Qd5 38. Qxd5+ Bxd5 39. Be5
Rd7 40. c4 Be6 41. b3 a6 42. d4 Kf8 43. d5 Bg8 44. Kg1 b5 45. Kf2 a5 46. d6
bxc4 47. bxc4 Bxc4 48. Rxg7 Rxd6 49. Ra7 Ra6 50. Bg7+ Kg8 51. Rxa6 Bxa6 52.
Bxh6 a4 53. Bc1 Kf7 54. g4 Kg6 55. h4 Bc8 56. Kf3 Bd7 57. Kf4 Bb5 58. h5+ Kf7
59. g5 Bd3 60. Bb2 Bc2 61. Ke5 Bb1 62. Kd6 Bc2 63. Kc5 Bb1 64. Kb4 Bc2 65. Ka3
Bd3 66. Kxa4 Bc2+ 67. Kb4 Bb1 68. Kc5 Bc2 69. Kd6 Bd3 70. Ke5 Bc2 71. Kf4 Bb1
72. g6+ Bxg6 73. hxg6+ Kxg6 1/2-1/2

[Event "26. ekipno prvenstvo hrvatske u sahu - "]
[Site "Bjelovar, Krapina, Djurdjevac"]
[Date "2017.04.09"]
[Round "5.14"]
[White "Margitic, Zdravko"]
[Black "Turcin, Lovro"]
[Result "0-1"]
[WhiteElo "2082"]
[BlackElo "2159"]
[PlyCount "88"]
[EventDate "2016.03.26"]

1. e4 e5 2. Nf3 Nc6 3. Bb5 a6 4. Ba4 Nf6 5. d3 b5 6. Bb3 Be7 7. O-O O-O 8. h3
d6 9. Nc3 Na5 10. Nh2 Nxb3 11. axb3 Bb7 12. f4 c5 13. Ng4 exf4 14. Bxf4 Nxg4
15. Qxg4 Bf6 16. Rae1 Be5 17. Ne2 a5 18. Ng3 Bc8 19. Nf5 Bxf5 20. exf5 Bxb2 21.
Qg3 Ra6 22. c4 b4 23. Bg5 f6 24. Bh6 Ra7 25. Re6 Be5 26. Bf4 Re8 27. Rxe8+ Qxe8
28. Re1 Qc6 29. Re4 a4 30. bxa4 Rxa4 31. Re1 Ra2 32. Bxe5 dxe5 33. Rb1 Qb7 34.
d4 cxd4 35. c5 Qd5 36. Rxb4 Ra8 37. c6 Qxc6 38. Qb3+ Kf8 39. Rc4 Qd7 40. g4 d3
41. Rc3 Qd4+ 42. Kg2 Rd8 43. Qa3+ Kg8 44. Qb3+ Qd5+ 0-1

[Event "26. ekipno prvenstvo hrvatske u sahu - "]
[Site "Bjelovar, Krapina, Djurdjevac"]
[Date "2017.04.09"]
[Round "5.15"]
[White "Cenkovcan, Andrija"]
[Black "Kovacic, Damir"]
[Result "1/2-1/2"]
[WhiteElo "2030"]
[BlackElo "2032"]
[PlyCount "154"]
[EventDate "2016.03.26"]

1. e4 c6 2. Nc3 d5 3. Nf3 dxe4 4. Nxe4 Nf6 5. Qe2 Nxe4 6. Qxe4 Nd7 7. Bc4 e6 8.
d4 Be7 9. h4 Nf6 10. Qe2 Qc7 11. Bd3 Bd7 12. Ne5 Bd6 13. Nc4 O-O-O 14. c3 Nd5
15. g3 Rde8 16. Nxd6+ Qxd6 17. Qe5 Qf8 18. Bf4 Nxf4 19. Qxf4 e5 20. dxe5 f6 21.
O-O-O Rxe5 22. Rhe1 Rxe1 23. Rxe1 Qc5 24. Kc2 a5 25. a3 g5 26. Qxf6 Rf8 27.
Qxg5 Rxf2+ 28. Re2 Rxe2+ 29. Bxe2 Bf5+ 30. Kd2 Qd5+ 31. Ke1 h6 32. Qf4 Qh1+ 33.
Kf2 Qh2+ 34. Ke3 Qg1+ 35. Qf2 Qc1+ 36. Kd4 Qd2+ 37. Kc5 b6+ 38. Kxc6 Be4+ 39.
Kxb6 Qxb2+ 40. Kxa5 Qxa3+ 41. Kb5 Qb3+ 42. Kc5 Qxc3+ 43. Bc4 Qa5+ 44. Kd6 Qc7+
45. Ke6 Qxc4+ 46. Ke7 Qc7+ 47. Ke6 Qd7+ 48. Ke5 Qe7+ 49. Kf4 Qf6+ 50. Ke3 Qb6+
51. Ke2 Bd3+ 52. Ke1 Qb1+ 53. Kd2 Qc2+ 54. Ke3 Qc5+ 55. Kf3 Be4+ 56. Ke2 Bd3+
57. Kf3 Qd6 58. Qe3 Bb5 59. Qf4 Bc6+ 60. Ke3 Qe7+ 61. Kd4 Kb7 62. Qxh6 Qe4+ 63.
Kc3 Qf3+ 64. Kd4 Qd1+ 65. Ke5 Qa1+ 66. Ke6 Qa2+ 67. Kf6 Qb2+ 68. Ke6 Qb3+ 69.
Kf6 Qc3+ 70. Ke7 Qe5+ 71. Qe6 Qxg3 72. Qf6 Kc7 73. Kf8 Bd7 74. h5 Qa3+ 75. Kg7
Qg3+ 76. Kf8 Qa3+ 77. Kg7 Qg3+ 1/2-1/2

[Event "26. ekipno prvenstvo hrvatske u sahu - "]
[Site "Bjelovar, Krapina, Djurdjevac"]
[Date "2017.04.09"]
[Round "5.31"]
[White "Pandurevic, Miro"]
[Black "Muha, Miljenko"]
[Result "0-1"]
[WhiteElo "2263"]
[BlackElo "2261"]
[PlyCount "66"]
[EventDate "2016.03.26"]

1. e4 e5 2. Nf3 Nc6 3. d4 exd4 4. c3 d5 5. exd5 Qxd5 6. cxd4 Bb4+ 7. Nc3 Nf6 8.
a3 Bxc3+ 9. bxc3 O-O 10. Be2 Ne4 11. Bd2 Na5 12. O-O Re8 13. Be1 Nc4 14. a4 Bg4
15. Rb1 Ned6 16. h3 Bh5 17. Rb4 c6 18. g4 Bg6 19. Nd2 Nxd2 20. Bxd2 a5 21. Rb2
Re7 22. Bf4 Nc4 23. Rb3 Rae8 24. Bf3 Be4 25. Bxe4 Rxe4 26. Qc1 Nd2 27. c4 Nxb3
28. cxd5 Nxc1 29. Bxc1 Rxd4 30. dxc6 bxc6 31. Be3 Rxa4 32. Rc1 Rc8 33. Rc5 Ra2
0-1

[Event "26. ekipno prvenstvo hrvatske u sahu - "]
[Site "Bjelovar, Krapina, Djurdjevac"]
[Date "2017.04.09"]
[Round "5.32"]
[White "Medic, Mirjana"]
[Black "Lasic, Luka"]
[Result "0-1"]
[WhiteElo "2149"]
[BlackElo "2151"]
[PlyCount "140"]
[EventDate "2016.03.26"]

1. d4 Nf6 2. Nf3 d6 3. c4 Bg4 4. e3 Nbd7 5. Be2 e5 6. Nc3 Be7 7. h3 Bf5 8. Nh4
Bg6 9. Nxg6 hxg6 10. Qc2 c6 11. Bd2 Rc8 12. O-O Rh4 13. f4 a6 14. Be1 Rh8 15.
Rd1 Qc7 16. Bg3 exd4 17. exd4 b5 18. Rfe1 Qa7 19. Bf2 b4 20. d5 c5 21. Nb1 Kf8
22. Nd2 Re8 23. Nf3 Nb6 24. f5 gxf5 25. Qxf5 Qd7 26. Qxd7 Nfxd7 27. Bg3 Nc8 28.
Bd3 Bf6 29. Bf5 Ndb6 30. b3 g6 31. Rxe8+ Kxe8 32. Bxc8 Nxc8 33. Re1+ Kd7 34.
Re2 Ne7 35. Bf4 Nf5 36. Kf2 a5 37. g4 Nd4 38. Nxd4 Bxd4+ 39. Kg3 a4 40. Re1
axb3 41. axb3 Ra8 42. Rb1 Ra2 43. h4 f6 44. Kf3 Rf2+ 45. Ke4 f5+ 46. gxf5 gxf5+
47. Kxf5 Be5 48. Kg6 Rxf4 49. h5 Ke7 50. h6 Rg4+ 51. Kf5 Rh4 52. Kg6 Rh3 53. h7
Kd7 54. Re1 Bd4 55. Rd1 Rg3+ 56. Kf5 Bh8 57. Rb1 Ke7 58. Re1+ Kf7 59. Re6 Rxb3
60. Rxd6 Rf3+ 61. Kg5 Rh3 62. Rd7+ Ke8 63. Rb7 Bd4 64. Kf5 b3 65. d6 b2 66. Ke6
Rh6+ 67. Kd5 Rxh7 68. Rb8+ Kd7 69. Rb7+ Kc8 70. Rb5 Rb7 0-1

[Event "26. ekipno prvenstvo hrvatske u sahu - "]
[Site "Bjelovar, Krapina, Djurdjevac"]
[Date "2017.04.09"]
[Round "5.33"]
[White "Raljic, Mirko"]
[Black "Frouth, Nenad"]
[Result "1/2-1/2"]
[WhiteElo "2101"]
[BlackElo "2140"]
[PlyCount "137"]
[EventDate "2016.03.26"]

1. e4 e5 2. Nf3 Nc6 3. d4 exd4 4. c3 dxc3 5. Nxc3 d6 6. Bc4 Be6 7. Bd5 Qd7 8.
Be3 Be7 9. Qb3 Nd8 10. Nd4 c6 11. Bxe6 fxe6 12. Rd1 Nf6 13. h3 b5 14. e5 Nd5
15. exd6 Bxd6 16. Ne4 O-O 17. Nxd6 Qxd6 18. O-O Nf7 19. Rfe1 Ne5 20. Bc1 Rac8
21. Qg3 Nc4 22. Qxd6 Nxd6 23. Rxe6 Rf6 24. Rxf6 Nxf6 25. Ne6 Nc4 26. b3 Nb6 27.
Nc5 Nfd5 28. Bb2 Kf7 29. g3 a5 30. Nb7 Ra8 31. Bd4 a4 32. Bxb6 Nxb6 33. Rd6
axb3 34. axb3 Ra1+ 35. Kg2 Rc1 36. Rxc6 Rxc6 37. Nd8+ Ke7 38. Nxc6+ Kd6 39. Nd4
Kc5 40. Nc2 Nd5 41. Kf3 Nb4 42. Ne3 Nd3 43. Nc2 Nc1 44. Ke4 Nxb3 45. Kd3 Na5
46. f4 b4 47. Ne3 Nc6 48. g4 Ne7 49. Nd1 Nd5 50. Ke4 b3 51. f5 Kc4 52. Nb2+ Kc3
53. Na4+ Kb4 54. Nb2 Nb6 55. g5 Kc3 56. Nd3 Nd7 57. h4 Kc2 58. Kd4 Nc5 59. Kxc5
Kxd3 60. f6 gxf6 61. gxf6 b2 62. f7 b1=Q 63. f8=Q Qg1+ 64. Kd6 Qg3+ 65. Ke6
Qxh4 66. Qf3+ Kd4 67. Qf6+ Qxf6+ 68. Kxf6 Ke4 69. Kg5 1/2-1/2

[Event "26. ekipno prvenstvo hrvatske u sahu - "]
[Site "Bjelovar, Krapina, Djurdjevac"]
[Date "2017.04.09"]
[Round "5.34"]
[White "Purgar, Ivona"]
[Black "Vukic, Aleksandar"]
[Result "0-1"]
[WhiteElo "2156"]
[BlackElo "2067"]
[PlyCount "76"]
[EventDate "2016.03.26"]

1. e4 c5 2. Nf3 d6 3. d4 cxd4 4. Nxd4 Nf6 5. Nc3 e6 6. g3 Be7 7. Bg2 O-O 8. O-O
a6 9. a4 Qc7 10. f4 Bd7 11. Kh1 Nc6 12. Nb3 Na5 13. Nxa5 Qxa5 14. g4 Bc6 15. g5
Nd7 16. Nd5 exd5 17. exd5 Bxa4 18. b3 Nc5 19. bxa4 f5 20. Ra3 Rf7 21. Qd4 Bf8
22. Bd2 Qd8 23. Re3 Qd7 24. a5 g6 25. Bb4 Bg7 26. Qd2 Rc8 27. Rfe1 Qb5 28. Re7
Ne4 29. R7xe4 fxe4 30. Bh3 Rc4 31. c3 e3 32. Qxe3 Rcxf4 33. Be6 Rf1+ 34. Kg2
Be5 35. Bxf7+ Rxf7 36. Qe4 Rf4 37. Qe3 Qxd5+ 38. Kg1 Rg4+ 0-1

[Event "26. ekipno prvenstvo hrvatske u sahu - "]
[Site "Bjelovar, Krapina, Djurdjevac"]
[Date "2017.04.09"]
[Round "5.35"]
[White "Katulic, Zlatko"]
[Black "Frank, Vladimir"]
[Result "1/2-1/2"]
[WhiteElo "1771"]
[BlackElo "2051"]
[PlyCount "80"]
[EventDate "2016.03.26"]

1. Nf3 c5 2. b3 Nc6 3. Bb2 d5 4. e3 Bg4 5. Be2 e6 6. d3 Nf6 7. Nbd2 Be7 8. h3
Bxf3 9. Bxf3 Qc7 10. O-O O-O 11. d4 cxd4 12. exd4 Rac8 13. a3 Rfd8 14. Re1 Bf8
15. Rc1 g6 16. c3 Bh6 17. Rb1 Na5 18. Nf1 Qb6 19. Bc1 Bxc1 20. Qxc1 Kg7 21. Qe3
Qd6 22. Nd2 Rc7 23. Be2 Rdc8 24. c4 dxc4 25. bxc4 Rd8 26. Rb5 Nc6 27. d5 exd5
28. cxd5 Nxd5 29. Qb3 Nf4 30. Bf3 Qxd2 31. Rd1 Ne2+ 32. Bxe2 Qxe2 33. Qc3+ Kg8
34. Rxd8+ Nxd8 35. Qxc7 Qxb5 36. Qxd8+ Kg7 37. Qd4+ f6 38. Qxa7 Qb1+ 39. Kh2
Qe4 40. a4 Qf4+ 1/2-1/2

[Event "26. ekipno prvenstvo hrvatske u sahu - "]
[Site "Bjelovar, Krapina, Djurdjevac"]
[Date "2017.04.09"]
[Round "5.36"]
[White "Maslac, Zvonimir"]
[Black "Plesa, Karlo"]
[Result "1-0"]
[WhiteElo "2053"]
[BlackElo "1710"]
[PlyCount "93"]
[EventDate "2016.03.26"]

1. e4 c5 2. Nf3 d6 3. d4 cxd4 4. Nxd4 Nf6 5. Nc3 a6 6. Bc4 e6 7. Bb3 b5 8. f3
Bb7 9. Be3 Nbd7 10. Qe2 Nc5 11. O-O-O Be7 12. g4 Qa5 13. Bd2 O-O 14. Nd5 Nxb3+
15. Nxb3 Qd8 16. Nxe7+ Qxe7 17. Bb4 Rfd8 18. Na5 Ne8 19. e5 Bd5 20. exd6 Nxd6
21. Rxd5 Qc7 22. Rxd6 Rxd6 23. Bxd6 Qxd6 24. Rd1 Qc7 25. Qd2 h6 26. Kb1 Rc8 27.
Nb3 b4 28. Rc1 Rd8 29. Qxb4 Qxh2 30. c4 h5 31. c5 Rb8 32. Qd2 Qxd2 33. Nxd2
hxg4 34. fxg4 Kf8 35. Nc4 Rc8 36. b4 Ke7 37. Rd1 g5 38. Nd6 Rc6 39. Kb2 Rc7 40.
Kb3 a5 41. a3 f6 42. Kc4 axb4 43. axb4 f5 44. gxf5 exf5 45. Nxf5+ Kf6 46. Nd6
g4 47. Ne8+ 1-0

[Event "26. ekipno prvenstvo hrvatske u sahu - "]
[Site "Bjelovar, Krapina, Djurdjevac"]
[Date "2017.04.09"]
[Round "5.41"]
[White "Skuhala, Jernej"]
[Black "Sindik, Ervin"]
[Result "1/2-1/2"]
[WhiteElo "2331"]
[BlackElo "2334"]
[PlyCount "78"]
[EventDate "2016.03.26"]

1. e4 c5 2. Nf3 d6 3. d4 cxd4 4. Nxd4 Nf6 5. Nc3 a6 6. Be3 e6 7. g4 b5 8. f3
Nfd7 9. a4 b4 10. Na2 Be7 11. Nxb4 Bh4+ 12. Kd2 Bb7 13. c3 O-O 14. Kc1 Be7 15.
Bc4 d5 16. exd5 Ne5 17. Be2 Bxb4 18. cxb4 Qxd5 19. Rf1 Nbd7 20. b3 Qd6 21. Nc2
Qc7 22. f4 Nc6 23. Kb2 Rfd8 24. Qe1 Nf6 25. b5 axb5 26. axb5 Ne7 27. Qc3 Qxc3+
28. Kxc3 Ned5+ 29. Kb2 Nxe3 30. Rxa8 Bxa8 31. Nxe3 Rd2+ 32. Kc3 Rxe2 33. Nc4
Nd5+ 34. Kd4 Ra2 35. f5 Bb7 36. fxe6 fxe6 37. Nd6 Rd2+ 38. Ke5 Re2+ 39. Kd4
Rd2+ 1/2-1/2

[Event "26. ekipno prvenstvo hrvatske u sahu - "]
[Site "Bjelovar, Krapina, Djurdjevac"]
[Date "2017.04.09"]
[Round "5.42"]
[White "Orak, Ljubomir"]
[Black "Novak, Ivan"]
[Result "1-0"]
[WhiteElo "2273"]
[BlackElo "2223"]
[PlyCount "77"]
[EventDate "2016.03.26"]

1. e4 e5 2. Nf3 Nc6 3. Bb5 a6 4. Ba4 Nf6 5. O-O b5 6. Bb3 Be7 7. Re1 O-O 8. h3
d6 9. c3 Na5 10. Bc2 c5 11. d4 Qc7 12. d5 Re8 13. b3 Bd7 14. Nbd2 c4 15. b4 Nb7
16. a4 a5 17. axb5 axb4 18. Rxa8 Rxa8 19. cxb4 Bxb5 20. Nb1 Bd7 21. Bd2 Qc8 22.
Re3 g6 23. Rc3 Ra1 24. Nh2 Bb5 25. Ra3 Rxa3 26. Nxa3 Bd7 27. Qe2 c3 28. Bg5 Bd8
29. Qa6 Kg7 30. Nc4 Qb8 31. Bxf6+ Bxf6 32. Qa3 Bd8 33. Qxc3 f5 34. exf5 gxf5
35. Ne3 f4 36. Qd3 e4 37. Qxe4 fxe3 38. Qxh7+ Kf6 39. Qg6+ 1-0

[Event "26. ekipno prvenstvo hrvatske u sahu - "]
[Site "Bjelovar, Krapina, Djurdjevac"]
[Date "2017.04.09"]
[Round "5.43"]
[White "Makovec, Bruno"]
[Black "Segovic, Goran"]
[Result "0-1"]
[WhiteElo "2248"]
[BlackElo "2255"]
[PlyCount "106"]
[EventDate "2016.03.26"]

1. d4 d5 2. Nf3 Nf6 3. c4 c6 4. cxd5 cxd5 5. Nc3 Nc6 6. Qb3 a6 7. Bf4 Na5 8.
Qc2 g6 9. e3 Bf5 10. Bd3 Bxd3 11. Qxd3 Bg7 12. h3 O-O 13. O-O Rc8 14. b3 b5 15.
Rac1 Qb6 16. Ne5 Rfd8 17. Bg5 Qb7 18. Bf4 Nc6 19. Nxc6 Rxc6 20. Be5 Rdc8 21.
Ne2 Rxc1 22. Rxc1 Rxc1+ 23. Nxc1 Qc6 24. Ne2 b4 25. f3 a5 26. Qd2 Nd7 27. Bg3
f6 28. Qc1 Qxc1+ 29. Nxc1 e5 30. Kf1 Kf7 31. Ke2 Ke6 32. Nd3 Bf8 33. Bf2 e4 34.
Nf4+ Kd6 35. g4 Bh6 36. Bg3 Bxf4 37. Bxf4+ Kc6 38. Bg3 Nf8 39. h4 Ne6 40. fxe4
dxe4 41. Bb8 Nf8 42. Kf2 Nd7 43. Bg3 Nb6 44. Ke2 Nd5 45. Kd2 h5 46. gxh5 gxh5
47. Bf2 Kd7 48. Bg3 Ke6 49. Be1 Kf5 50. Bf2 Kg4 51. Ke2 Nc3+ 52. Kd2 Kf3 53.
Bg1 Kg2 0-1

[Event "26. ekipno prvenstvo hrvatske u sahu - "]
[Site "Bjelovar, Krapina, Djurdjevac"]
[Date "2017.04.09"]
[Round "5.44"]
[White "Novak, Ratko"]
[Black "Havas, Janko"]
[Result "0-1"]
[WhiteElo "2180"]
[BlackElo "2169"]
[PlyCount "144"]
[EventDate "2016.03.26"]

1. d4 Nf6 2. c4 e5 3. e3 exd4 4. exd4 Bb4+ 5. Bd2 Bxd2+ 6. Nxd2 O-O 7. Bd3 d5
8. Ne2 Nc6 9. O-O Nb4 10. Bb1 dxc4 11. Nxc4 Bg4 12. f3 Be6 13. Ne5 Qd6 14. f4
Rad8 15. a3 Nc6 16. Nxc6 Qxc6 17. f5 Bd5 18. Nf4 Qb6 19. Qd2 Bc4 20. Rd1 Bb3
21. Bc2 Bxc2 22. Qxc2 Rxd4 23. Rxd4 Qxd4+ 24. Qf2 Rd8 25. Re1 Qxf2+ 26. Kxf2
Rd2+ 27. Re2 Rxe2+ 28. Kxe2 Kf8 29. Kd3 Ke7 30. Kd4 Kd6 31. b4 c6 32. h3 b6 33.
Nd3 Nd7 34. g4 c5+ 35. bxc5+ bxc5+ 36. Ke4 Nf6+ 37. Kf4 Nd5+ 38. Ke4 Nc3+ 39.
Ke3 a5 40. Nb2 Kd5 41. Kd3 Ne4 42. Ke3 Nd6 43. Kd3 c4+ 44. Kc2 Kd4 45. a4 Ne4
46. Nd1 Kc5 47. Ne3 Kb4 48. h4 Nd6 49. g5 Kxa4 50. h5 Kb5 51. g6 fxg6 52. fxg6
hxg6 53. hxg6 Kc5 54. Kc3 a4 55. Ng4 Ne4+ 56. Kc2 Kd4 57. Nh2 a3 58. Nf3+ Kd5
59. Nh4 Ke6 60. Nf3 Kf6 61. Nd4 Kxg6 62. Nb5 a2 63. Kb2 Kf5 64. Kxa2 Kf4 65.
Kb2 g5 66. Kc2 g4 67. Kd1 Ke3 68. Nc7 Kf2 69. Ne6 g3 70. Nf4 g2 71. Nxg2 Kxg2
72. Ke2 Nd6 0-1

[Event "26. ekipno prvenstvo hrvatske u sahu - "]
[Site "Bjelovar, Krapina, Djurdjevac"]
[Date "2017.04.09"]
[Round "5.45"]
[White "Havas, Juraj"]
[Black "Lovrencic, Vladimir"]
[Result "1/2-1/2"]
[WhiteElo "2078"]
[BlackElo "2137"]
[PlyCount "32"]
[EventDate "2016.03.26"]

1. d4 c6 2. c4 d6 3. Nc3 Qc7 4. e4 Nf6 5. f3 e5 6. d5 Be7 7. Be3 Nbd7 8. Nh3
Nf8 9. Nf2 Ng6 10. Qd2 Bd7 11. g3 a6 12. Be2 h5 13. h4 Rc8 14. a4 cxd5 15. cxd5
Qa5 16. Ncd1 Qxd2+ 1/2-1/2

[Event "26. ekipno prvenstvo hrvatske u sahu - "]
[Site "Bjelovar, Krapina, Djurdjevac"]
[Date "2017.04.09"]
[Round "5.46"]
[White "Storga, Dalibor"]
[Black "Toplak, Juraj"]
[Result "1/2-1/2"]
[WhiteElo "2095"]
[BlackElo "2004"]
[PlyCount "38"]
[EventDate "2016.03.26"]

1. e4 e6 2. d4 d5 3. Nd2 Nf6 4. e5 Nfd7 5. f4 c5 6. c3 Nc6 7. Ngf3 Qb6 8. Qb3
cxd4 9. Qxb6 Nxb6 10. cxd4 Nb4 11. Kd1 Bd7 12. a3 Nc6 13. b3 f6 14. Bb2 fxe5
15. fxe5 Be7 16. Bd3 Rc8 17. Ke2 O-O 18. Rhf1 a6 19. Rac1 Na7 1/2-1/2

[Event "26. ekipno prvenstvo hrvatske u sahu - "]
[Site "Bjelovar, Krapina, Djurdjevac"]
[Date "2017.04.09"]
[Round "5.51"]
[White "Petrusic, Toni"]
[Black "Kristovic, Marijan"]
[Result "1-0"]
[WhiteElo "2289"]
[BlackElo "2300"]
[PlyCount "65"]
[EventDate "2016.03.26"]

1. e4 Nc6 2. Nf3 e5 3. Bc4 Bc5 4. d3 Nf6 5. Nbd2 d6 6. c3 O-O 7. Bb3 a6 8. h3
h6 9. Nf1 d5 10. Qe2 Be6 11. Ng3 Re8 12. O-O dxe4 13. dxe4 Qc8 14. Kh2 Ba7 15.
Nh4 Ne7 16. Qf3 Bxb3 17. axb3 Qe6 18. b4 Ng6 19. Nhf5 Kh7 20. Nxg7 Kxg7 21.
Nf5+ Kh7 22. Bxh6 Rh8 23. Bg7 Kg8 24. Bxh8 Kxh8 25. b5 Rg8 26. bxa6 bxa6 27. g3
Ne7 28. Nxe7 Qxe7 29. Rxa6 Bb6 30. Rfa1 Rg6 31. b4 Kg7 32. Qf5 Qd6 33. Ra8 1-0

[Event "26. ekipno prvenstvo hrvatske u sahu - "]
[Site "Bjelovar, Krapina, Djurdjevac"]
[Date "2017.04.09"]
[Round "5.52"]
[White "Marangunic, Srdjan"]
[Black "Cop, Tomislav"]
[Result "1/2-1/2"]
[WhiteElo "2346"]
[BlackElo "2281"]
[PlyCount "29"]
[EventDate "2016.03.26"]

1. c4 Nf6 2. Nc3 g6 3. g3 Bg7 4. Bg2 O-O 5. Nf3 d6 6. d3 e5 7. Bd2 Nc6 8. O-O
a5 9. a3 Nd4 10. Rb1 c6 11. b4 axb4 12. axb4 Bg4 13. b5 Bxf3 14. exf3 Nd7 15.
bxc6 1/2-1/2

[Event "26. ekipno prvenstvo hrvatske u sahu - "]
[Site "Bjelovar, Krapina, Djurdjevac"]
[Date "2017.04.09"]
[Round "5.53"]
[White "Machata, Martin"]
[Black "Havas, Ladislav"]
[Result "1-0"]
[WhiteElo "2266"]
[BlackElo "2258"]
[PlyCount "120"]
[EventDate "2016.03.26"]

1. Nf3 Nf6 2. g3 g6 3. b3 Bg7 4. Bb2 O-O 5. Bg2 d6 6. d4 Nbd7 7. O-O e5 8. dxe5
Ng4 9. c4 Ngxe5 10. Nc3 Nxf3+ 11. exf3 a5 12. Qd2 Nc5 13. Rad1 Be6 14. Ne4 b6
15. Bxg7 Kxg7 16. Qc3+ f6 17. f4 Ra7 18. Rfe1 Bd7 19. Re3 h6 20. Rde1 Bf5 21.
Nd2 Na6 22. Bc6 Nb4 23. Re7+ Rf7 24. Re8 Nxc6 25. Rxd8 Nxd8 26. Nf3 c5 27. Nh4
Nc6 28. Nxf5+ gxf5 29. Rd1 Nd4 30. Rxd4 cxd4 31. Qxd4 Rab7 32. Qxd6 Kg6 33. h4
h5 34. Kg2 Rfd7 35. Qc6 Re7 36. a3 Rb8 37. Kf1 Ree8 38. Qb5 Rec8 39. f3 Rc5 40.
Qa6 Rc7 41. Qb5 Rc5 42. Qd7 b5 43. g4 fxg4 44. fxg4 hxg4 45. Qxg4+ Kf7 46. h5
Ke7 47. h6 bxc4 48. bxc4 Rcc8 49. h7 Kd6 50. Qg7 Ke6 51. c5 Kf5 52. c6 Kxf4 53.
Qxf6+ Ke3 54. Kg2 Rf8 55. Qe7+ Kd3 56. Kg3 a4 57. Kg4 Kc4 58. c7 Rbe8 59. Qg5
Re4+ 60. Kh5 Kb3 1-0

[Event "26. ekipno prvenstvo hrvatske u sahu - "]
[Site "Bjelovar, Krapina, Djurdjevac"]
[Date "2017.04.09"]
[Round "5.54"]
[White "Hrvacic, Pavle"]
[Black "Mihalincic, Tomislav"]
[Result "0-1"]
[WhiteElo "2259"]
[BlackElo "2246"]
[PlyCount "120"]
[EventDate "2016.03.26"]

1. e4 e5 2. Nf3 Nc6 3. d4 exd4 4. Nxd4 Bc5 5. Nb3 Bb6 6. Nc3 d6 7. Nd5 Qh4 8.
Qf3 Nge7 9. Nxe7 Qxe7 10. Bd3 O-O 11. O-O Ne5 12. Qg3 f5 13. exf5 Nxd3 14. cxd3
Bxf5 15. d4 a5 16. Be3 a4 17. Nd2 Qf6 18. Nf3 Ra5 19. b4 axb3 20. axb3 Rb5 21.
Ra3 Bc2 22. Re1 h6 23. Qh3 Rxb3 24. Rxb3 Bxb3 25. Qg4 Bd5 26. Nd2 Qf5 27. Qxf5
Rxf5 28. Ra1 Rf8 29. h3 Kf7 30. Kh2 Ke6 31. Kg3 Kd7 32. Nb1 Rf6 33. Kh2 Rg6 34.
g3 Bc4 35. Nc3 c6 36. Ra8 Bc7 37. Ra7 Ba6 38. Ra8 Rf6 39. Kg2 Rf7 40. h4 Re7
41. Rg8 Bd8 42. Kf3 Bc4 43. Rh8 b5 44. g4 b4 45. Na4 Bd5+ 46. Kg3 Rf7 47. f4
Re7 48. Bf2 Re2 49. Rh7 Ra2 50. Rxg7+ Ke8 51. g5 h5 52. Nc5 Ra3+ 53. Kh2 dxc5
54. dxc5 Rf3 55. Bg3 b3 56. Rb7 Rc3 57. Bf2 Rc2 58. Kh3 Rc3+ 59. Kh2 Rf3 60.
Bg3 Rd3 0-1

[Event "26. ekipno prvenstvo hrvatske u sahu - "]
[Site "Bjelovar, Krapina, Djurdjevac"]
[Date "2017.04.09"]
[Round "5.55"]
[White "Babic, Zvonko"]
[Black "Margeta, Zeljko"]
[Result "1-0"]
[WhiteElo "2187"]
[BlackElo "2062"]
[PlyCount "117"]
[EventDate "2016.03.26"]

1. Nf3 d5 2. c4 c6 3. b3 Bf5 4. Bb2 e6 5. g3 Nf6 6. Bg2 Be7 7. O-O h6 8. d3 O-O
9. Nbd2 a5 10. a3 Re8 11. Rc1 Na6 12. Rc2 Qb6 13. Qa1 Rec8 14. h3 Qd8 15. Rfc1
Nc7 16. Ne5 Nce8 17. c5 Nd7 18. e4 Bh7 19. Nxd7 Qxd7 20. Nf3 dxe4 21. Ne5 Qc7
22. dxe4 Rd8 23. Re2 Bf6 24. Nc4 Bxb2 25. Qxb2 Rd3 26. Ne5 Rdd8 27. Qc3 f6 28.
Nc4 e5 29. Nb6 Rab8 30. Qxa5 Rd4 31. Rd2 Rbd8 32. Rcd1 Qf7 33. Nc4 R8d7 34. h4
Bg6 35. Qc3 Rxd2 36. Rxd2 Qe7 37. b4 Bf7 38. Ne3 Be6 39. Nf5 Bxf5 40. exf5 Nc7
41. Qb3+ Kf8 42. Qd1 Rxd2 43. Qxd2 Nb5 44. Be4 Nd4 45. Qd3 Qf7 46. Kg2 Qe7 47.
Qd1 Qc7 48. h5 Qf7 49. Qa4 Qd7 50. Qa8+ Kf7 51. a4 Nxf5 52. Bxf5 Qxf5 53. Qxb7+
Kf8 54. Qxc6 e4 55. Qd6+ Ke8 56. Qf4 Qd5 57. Qe3 Qf5 58. Qd4 Qf3+ 59. Kg1 1-0